000 01231cam a2200313 a 4500
999 _c331673
_d331673
001 16657776
003 NUST
005 20171013102034.0
008 110218s2011 ii a b 001 0 eng
010 _a 2010317106
020 _a9780415598002
025 _aI-E-2010-317106; 62-28; 69-28
037 _bLibrary of Congress -- New Delhi Overseas Office
040 _aDLC
_cDLC
_dDLC
042 _alcode
_apcc
043 _aa-ii---
050 0 0 _aHN690.P8
_bC43 2011
082 _a304.80954552
_bCHO
100 1 _aChopra, Radhika.
_95422
245 1 0 _aMilitant and migrant :
_bthe politics and social history of Punjab /
_cRadhika Chopra.
260 _aNew Delhi :
_bRoutledge, Taylor & Francis Group,
_c2011.
300 _axviii, 150 p. :
_bcol. ill. ;
_c23 cm.
504 _aIncludes bibliographical references (p. [135]-144) and index.
651 0 _aPunjab (India)
_xSocial conditions
_y20th century.
_95423
651 0 _aPunjab (India)
_xPolitics and government
_y20th century.
_95424
651 0 _aPunjab (India)
_xEmigration and immigration.
_95425
906 _a7
_bcbc
_corigode
_d3
_encip
_f20
_gy-gencatlg
942 _2ddc
_cBK